• 首页
  • 本馆介绍
  • 公告通知
  • 最新文献
  • 馆藏检索
  • 电子资源
  • 读者导购
  • 参考咨询
  • 我的图书馆
  • 登录
  • 详细信息显示
  • 放入我的书架
  • 预约/预借图书
  • 作者相关作品
  • 分类相关作品
  • 丛书相关作品
  • 出版社相关作品

书目信息

  • 表格格式
  • 工作单格式
  • 卡片格式
题名:
小小地球
    
 
作者: 布鲁吉斯 著 ;杨晓霞 译
分册:  
出版信息: 北京   新星出版社  2005
页数: 195页
开本: 16X16cm
丛书名: 脆弱的地球
单 册:
中图分类: X-49
科图分类:
主题词: 环境保护 , 环境保护--普及读物
电子资源:
ISBN: 7-80148795-8
000 00928oam2 2200277 450
001 003040362
005 20070805181754.78
010    @a7-80148795-8@dCNY18.00
100    @a20051103d2005 em y0chiy0110 ea
101 1  @achi@ceng
102    @aCN@b110000
105    @aa z 000yy
200 1  @a小小地球@9xiao xiao di qiu@f(英)布鲁斯(James Bruges)著@g杨晓霞译
210    @a北京@c新星出版社@d2005
215    @a195页@c图@d16X16cm
225 2  @a脆弱的地球
305    @a由三联书店(香港)有限公司授权出版
330    @a本书极其简明地讲述了由于人类活动地球和人类自身处于危险的状态,涉及鳕鱼、混乱、农业、基因、石油、帝国及军火贸易等各种各样的问题。
461  0 @12001 @a脆弱的地球
606 0  @a环境保护
606 0  @a环境保护@j普及读物
690    @aX-49@v4
701  0 @c(英)@a布鲁吉斯@9bu lu ji si@c(Bruges, James)@4著
702  0 @a杨晓霞@9yang xiao xia@c(翻译)@4译
801  0 @aCN@bNLC@c20070805
905    @a10447@dX-49@e166
    
    小小地球/(英)布鲁斯(James Bruges)著/杨晓霞译.-北京:新星出版社,2005
    195页:图;16X16cm.-(脆弱的地球)
    
    
    ISBN 7-80148795-8:CNY18.00
    本书极其简明地讲述了由于人类活动地球和人类自身处于危险的状态,涉及鳕鱼、混乱、农业、基因、石油、帝国及军火贸易等各种各样的问题。
●
相关链接 在E读中查询图书 在五车中查询图书 在当当中查询图书 在豆瓣中查询图书


正题名:小小地球     索取号:X-49/166         预约/预借

序号 登录号 条形码 馆藏地/架位号 状态 备注
1 0806103   208061032   第二样本阅览室/ [索取号:X-49/166] 在馆    
2 0806104   208061041   第三借阅区/ [索取号:X-49/166] 在馆    
3 0806105   208061050   第三借阅区/ [索取号:X-49/166] 在馆    
4 0806106   208061069   第三借阅区/ [索取号:X-49/166] 在馆    
5 0806107   208061078   第三借阅区/ [索取号:X-49/166] 在馆    
6 0806108   208061087   第三借阅区/ [索取号:X-49/166] 在馆    
7 0806109   208061096   第三借阅区/ [索取号:X-49/166] 在馆    
8 0806110   208061103   第三借阅区/ [索取号:X-49/166] 在馆    
9 0806111   208061112   第三借阅区/ [索取号:X-49/166] 在馆    
10 0806112   208061121   第三借阅区/ [索取号:X-49/166] 在馆    
唐山师范学院图书馆 欢迎您!
大连网信软件有限公司© 版权所有